Song Titles: Missing Names - New Wave/Punk (70's/Early 80's) - Statistics

General Stats
  • This quiz has been taken 139 times
  • The average score is 9 of 25
Answer Stats
Artist Song Title % Correct
Notsensibles I'm In Love With {Margaret} Thatcher
85%
XTC Making Plans For {Nigel}
65%
Specials A Message To You {Rudi}
64%
Elvis Costello {Oliver}'s Army
62%
Adverts {Gary} Gilmore's Eyes
59%
Damned New {Rose}
55%
Landscape {Norman} Bates
46%
Ramones {Judy} Is A Punk
42%
Boomtown Rats {Mary} Of The 4th Form
37%
B-52's Planet {Claire}
36%
Spizz Energi Where's Captain {Kirk}
35%
Joy Division New {Dawn} Fades
33%
Cure {Charlotte} Sometimes
32%
Ian Dury Billericay {Dickie}
25%
Mekons {Dan} Dare
24%
Cars {Candy}-O
21%
Birthday Party {Nick} The Stripper
21%
Devo Come Back {Jonee}
19%
Stranglers Don't Bring {Harry}
18%
Clash {Julie}'s Been Working For The Drug Squad
17%
Angelic Upstarts The Murder Of {Liddle} Towers
16%
Vapors {Jimmie} Jones
13%
Undertones What's With {Terry}
12%
Jam {Liza} Radley
11%
Teardrop Explodes Like {Leila} Khaled Said
4%
No matching quizzes found
Score Distribution
Percent of People with Each Score
Percentile by Number Answered
Your Score History
You have not taken this quiz